L'alphabet hébreu en images - Statistiques

Statistiques générales
  • Ce quiz a été pris 235 fois
  • Le résultat moyen est 16 sur 22
Statistiques - réponses
Par images Réponse % Correct
Aleph
99%
Beth
96%
Gimel
88%
Dalet
83%
He
81%
Lamed
78%
Nun
78%
Vav
76%
Mem
75%
Yod
75%
Het
74%
Zayin
74%
Shin
70%
Tet
70%
Kaf
68%
Ayin
66%
Pe
64%
Resh
60%
Tav
59%
Samech
54%
Qof
44%
Tsade
34%
Aucun quiz correspondant
Distribution des résultats
% des personnes avec chaque résultat
Percentile par nombre de réponses
Votre historique - résultats
Vous n’avez pas pris ce quiz